000 00465nam a2200145Ia 4500
008 100204s9999 xx 000 0 und d
082 _b15478
100 _aपुरंदरे बाबासाहेब
245 _aशेलार खिंड
260 _b"पुरंदरं पंकाशन , पुणे"
_c1986 5
300 _a310
630 _aशेलार खिंड
730 _aशेलार खिंड
942 _cBOOK
999 _c459909
_d459906